الدليل الحديث في الترجمة : (Record no. 24886)

MARC details
000 -الفاتح
حقل البيانات ثابتة الطول 01360nam a22003015a 4500
003 - محدد رقم الضبط
رقم الضبط EG-ScBUE
005 - وقت وتاريخ اخر تعامل مع التسجيلة
رقم الضبط 20220718095608.0
008 - عناصر البيانات ثابتة الطول - معلومات عامة
حقل البيانات ثابتة الطول 170517s2006 sy a f 000 00 ara d
020 ## - الرقم الدولى المعيارى للكتب
الرقم الدولى المعيارى للكتاب 9953861013
020 ## - الرقم الدولى المعيارى للكتب
الرقم الدولى المعيارى للكتاب 9789953861012
040 ## - مصدر الفهرسة
وكالة الفهرسة الأصلية EG-ScBUE
لغة الفهرسة ara
قواعد الوصف rda
وكالة النسخ EG-ScBUE
وكالة التعديل EG-ScBUE
041 0# - رمز اللغة
رمز لغة النص/ المسارات الصوتية أو العنوان الانفرادي ara
-- eng
082 04 - رقم تصنيف ديوى العشرى
رقم الطبعة 22
رقم التصنيف 418.02
رقم المادة د ل ي
245 02 - بيان العنوان
العنوان الدليل الحديث في الترجمة :
بقية العنوان للصفين الخامس والسادس الثانويين (البكالوريا) ولامتحانات شهادة الثقافة العامة لجامعة لندن (.G. C. E) وشهادة الكفاءة في اللغة الأنكليزية لجامعة كمبردج (Proficiency) والشهادتين التوجبهية والموحدة السورية /
بيان المسئوليه,etc تأليف جماعة من الأساتذة.
246 34 - العنوان الموازى
عنوان صحيح/عنوان مختصر The new guide to translation
250 ## - بيان الطبعة
بيان الطبعة الطبعة الثالثة.
264 #1 - النشر، التوزيع
مكان الناشر او الموزع دمشق :
اسم الناشر او الموزع مكتبة صائغ،
تاريخ النشر أو التوزيع 2006.
300 ## - الوصف المادى
التعداد 181 صفحة :
تفاصيل ماديه اخرى للوعاء إيضاحيات ؛
أبعاد الوعاء 24 سم
336 ## - نوع المحتوى
source rdacontent
Carrier Type Term نص
Content Type Code txt
337 ## - نوع الوسيط
source rdamedia
Media Type Term بدون وسيط
Media Type Code n
338 ## - نوع الحامل أو الناقل
source rdacarrier
Carrier Type Term مجلد
Carrier Type Code nc
546 ## - تبصرة اللغة
تبصرة اللغة النص باللغتين العربية والإنجليزية.
650 #7 - المدخل الاضافى بالموضوع-مصطلح موضوعى
مصدر الرأس أو المصطلح BUEsh
مصطلح موضوعي أو اسم جغرافي كعنصر مدخل الترجمة.
651 ## - المدخل الاضافى بالموضوع - اسم جغرافى
مصدر الرأس أو المصطلح BUEsh
653 ## - مصطلح تكشيفى غير مقيد
Resource For college Generalities
Arrived date list May2017
655 ## - مصطلح تكشيفى-نوع/شكل
التقسيم الفرعي الشكلي Reading book
-- 34232
942 ## - عناصر المدخل الإضافي( كوها)
مصدر التصنيف او مخطط الترفيف Dewey Decimal Classification
Holdings
حالة التراجع حالة الفقد مصدر التصنيف او خطة الترفيف حالة تلف ليس للاعارة مجموعات كوها المكان الدائم المكان الحالي موقع الترفيف تاريخ الاكتساب Source of acquisition سعر الشراء الطبيعي تعداد مسلسل / التسلسل الزمني رقم الاستدعاء الباركود Date last seen التكلفة نوع الوعاء
    Dewey Decimal Classification     sphinx Central Library Central Library Second Floor 25/05/2017 Purchase 45.00 71066 418.02 د ل ي 000041900 15/07/2025 56.00 Book - Borrowing